000 00822cab a22001935a 4500
001 L152637
008 110407s2011 xxka f 000 0 eng d
035 _a(Sirsi) u152637
041 0 _aeng
110 2 _aICES Partnering Team
245 0 0 _aStandard forms of partnering contracts
_bthe ultimate contractual commitment? Part 2
260 _c2011
490 _aCivil Engineering Surveyor
_vApril 2011, 27-30(4)
520 _aLooks at how the different standard forms of partnering contract address the corporate and personnel commitment to partnering by way of such issues as multi-party commitment, whether the form's requirements are binding or voluntary. PPC2000, NEC3, Joint Contracts Tribunal.
590 _aKA
651 4 _aUnited Kingdom
_y
690 _aBUILT ENVIRONMENT-CONSTRUCTION MANAGEMENT
942 _n0
999 _c83046
_d83046